|
|
|
|
| LEADER |
00748nam a22002292a 4500 |
| 001 |
001271011 |
| 003 |
CZ BrMZK |
| 005 |
20121213135117.0 |
| 007 |
ta |
| 008 |
121213s1973 ru er 000 0 rus d |
| 040 |
|
|
|a ABA001
|b cze
|d ABA001
|d BOA001
|
| 041 |
1 |
|
|a rus
|h eng
|
| 080 |
9 |
|
|a 51:541.121/.123=82
|
| 100 |
1 |
|
|a Butler, James N.
|q (James Newton),
|d 1934-
|7 jcu2012697145
|4 aut
|
| 245 |
1 |
0 |
|a Ionnyje ravnovesija :
|b matematičeskoje opisanije /
|c James Newton Butler
|
| 260 |
|
|
|a Leningrad :
|b Chimija,
|c 1973
|
| 300 |
|
|
|a 446 s. :
|b il.
|
| 765 |
0 |
|
|t Ionic equilibrium
|9 Rusky
|
| 910 |
|
|
|a BOA001
|b 2-0703.929
|
| 990 |
|
|
|a BK
|
| 991 |
|
|
|b 201212
|
| 996 |
7 |
|
|b 2619663371
|c 2-0703.929
|l Sklad H1
|r Sklad / do 24 hodin
|n 0
|h HS212
|w 001305128
|u 000010
|a 1
|e BOA001
|j MZK50
|s A
|